Estrategia y acción en publicidad
Furkejuvvon:
| Váldodahkki: | |
|---|---|
| Materiálatiipa: | Girji |
| Giella: | espánnjágiella |
| Almmustuhtton: |
Santiago
IDB Consultores de Publicidad y Comunicación
1982
|
| Fáttát: | |
| Fáddágilkorat: |
Lasit fáddágilkoriid
Eai fáddágilkorat, Lasit vuosttaš fáddágilkora!
|
MARC
| LEADER | 00000nam a2200000 a 4500 | ||
|---|---|---|---|
| 001 | UCQ1065 | ||
| 003 | CL-VaPUC | ||
| 008 | 980709e19820000CL |||||||||||||||||spa|d | ||
| 082 | 0 | 4 | |a 659.111 |b ISR |2 21 |
| 100 | 0 | |a Israel R., Alberto |e author |9 414588 | |
| 245 | 1 | 0 | |a Estrategia y acción en publicidad |
| 300 | |a 220 p | ||
| 942 | |c BK | ||
| 945 | |d 19980709 00:00:00 |a cmena | ||
| 260 | |a Santiago |b IDB Consultores de Publicidad y Comunicación |c 1982 | ||
| 650 | 0 | |a Publicidad |9 314572 | |
| 650 | 0 | |a Marketing |9 259324 | |
| 650 | 7 | |a PLANIFICACION Y CONTROL |2 CL-VaPUC |9 414589 | |
| 650 | 7 | |a ESTRATEGIAS |2 CL-VaPUC |9 342878 | |
| 650 | 0 | |a Planificación estratégica |9 259735 | |
| 650 | 0 | |a Motivación |9 315362 | |
| 650 | 0 | |a Creatividad |9 310816 | |
| 650 | 0 | |a Administración de empresas |9 260833 | |
| 583 | |a last modification |c 19980709 00:00:00 |k Rodrigo Vera | ||
| 999 | |c 272069 |d 272067 | ||
| 952 | |0 0 |1 0 |4 0 |6 659_111000000000000_ISR_1982 |7 0 |8 A |9 306918 |a BIBENE |b BIBENE |d 2019-11-20 |i 1430750 |o 659.111 ISR 1982 |p 1430750 |r 2025-01-15 |w 2019-11-20 |y BK |k ICO | ||
| 952 | |0 0 |1 0 |4 0 |6 659_111000000000000_ISR_1982 |7 0 |8 A |9 306919 |a BIBENE |b BIBENE |d 2019-11-20 |i 1447785 |o 659.111 ISR 1982 |p 1447785 |r 2025-01-15 |w 2019-11-20 |y BK |k ICO | ||